000
00271nam a22001217a 4500
999
_c
533933
_d
533933
040
_c
dlc
082
_a
813.54
100
_a
Robb, J. D.
_9
27989
245
_a
Memory in Death
260
_a
London
_b
Large Print Distribution
_c
c2008
300
_a
292;pxv
942
_2
ddc
_c
BK